00867 2200289 4500001002100000005001500021035002000036007000300056008004100059020002200100082001600122084001800138100003400156245007300190300004500263650002200308700003100330264004200361336002100403337003000424338002300454040002200477090002200499850001200521999002200533990002200555INLIS00000000089247420250120103522 a0010-0125000374ta250120s2024 yoia a 1 ind d a978-623-515-164-904223a028.533 a028.533 IPN k0 aIpnu Rinto NugrohoePengarang10aKancil yang cerdik /cIpnu Rinto Nugroho; penyunting, Herman Adamson a12 halaman :bilustrasi, gambar ;c20 cm 4aBacaan kanak-anak0 aHerman AdamsonePenyunting31aBantul :bAnak Hebat Indonesia,c2024 2rdacontentateks 2rdamediaatanpa perantara 2rdacarrieravolume aYOPDYOGbinderda aCB-D.11 2024-4290 aYOPDYOG aCB-D.11/2024-4290 aCB-D.11/2024-4290